000 01199nam a2200313 i 4500
001 bg
245 0 0 _aKonstrukcje betonowe, żelbetowe i sprężone :
_bkomentarz naukowy do PN-B-03264:2002.
_nT. 1 /
_cAndrzej Ajdukiewicz [et al.] ; ed. Bohdan Lewicki ; Instytut Techniki Budowlanej.
260 _aWarszawa :
_bITB,
_c2005.
300 _a359 s. :
_brys., wykr. ;
_c29 cm.
500 _aStreszcz. ang.
504 _aBibliogr. przy rozdz.
650 9 _aKonstrukcje betonowe
_xmechanika
650 9 _aKonstrukcje betonowe
_xnormalizacja
_zPolska
_yod 2001 r.
650 9 _aKonstrukcje sprężone
_xmechanika
650 9 _aKonstrukcje sprężone
_xnormalizacja
_zPolska
_yod 2001 r.
650 9 _aKonstrukcje żelbetowe
_xmechanika
650 9 _aKonstrukcje żelbetowe
_xnormalizacja
_zPolska
_yod 2001 r.
650 9 _aWytrzymałość materiałów
700 1 _aAJDUKIEWICZ, Andrzej
_d(1939- ).
700 1 _aLEWICKI, Bohdan.
_eWyd.
710 0 _aInstytut Techniki Budowlanej
020 _a8374136510
040 _cBPK
041 _apol
080 _a624.01/.07:539.3/.6:620.17:006.3/.8(438)"2001/..."
920 _a83-7413-651-0
942 _cKS
008 s pl f |000 0 pol
999 _c46395
_d46395
856 _uhttp://koha.tu.koszalin.pl/cgi-bin/koha/opac-detail.pl?biblionumber=46395
_yKatalog online BPK